| 000 | 00715nam a22001817a 4500 | ||
|---|---|---|---|
| 005 | 20260407120458.0 | ||
| 008 | 260407b |||||||| |||| 00| 0 eng d | ||
| 082 |
_22024 _aUT |
||
| 100 |
_aDiansig, Jessabel P. _970441 |
||
| 245 |
_aDelving into the manobo tribes literary pieces and culture / _cJessabel P. Diansig, Gemima M. Quijano, Roshyn Gyll B. Valdez |
||
| 260 |
_aDigos City ; _bUMDC, _c©July 2024. |
||
| 300 |
_aviii, 53 pages ; _billustrations (some colors) ; _c29 Cm. |
||
| 500 | _aIncludes references and appendices. | ||
| 650 | 0 |
_aEducation _xUndergraduate thesis. _970442 |
|
| 700 |
_aQuijano, Gemima M. _eresearcher. _970443 |
||
| 700 |
_aValdez, Roshyn Gyll B. _eresearcher. _970444 |
||
| 942 |
_2ddc _cUT |
||
| 999 |
_c24560 _d24560 |
||